[Event "4NCL Division 3 North"]
[Site "Wakefield, ENG"]
[Date "2016.11.26"]
[Round "1.54"]
[White "Laurence, Geoff"]
[Black "Russell, Harry"]
[Result "1/2-1/2"]
[WhiteElo "1961"]
[BlackElo "2036"]
[PlyCount "45"]
[EventDate "2016.11.26"]
[WhiteTeam "Holmes Chapel"]
[BlackTeam "Cheddleton 2"]

1. d4 Nf6 2. Nf3 g6 3. Nc3 d5 4. Bf4 Bg7 5. e3 O-O 6. Be2 a6 7. Ne5 b5 8. a3
Bb7 9. h4 h6 10. h5 g5 11. Bxg5 hxg5 12. h6 Bxh6 13. Rxh6 Kg7 14. Rh1 Rh8 15.
Kd2 Nc6 16. Nxc6 Bxc6 17. Rxh8 Qxh8 18. Qh1 Ne4+ 19. Nxe4 dxe4 20. Rg1 Rd8 21.
Kc1 a5 22. c3 Rb8 23. f3 1/2-1/2

[Event "4NCL Division 3 North"]
[Site "Wakefield, ENG"]
[Date "2016.11.26"]
[Round "1.55"]
[White "Boswell, Jacob Connor"]
[Black "Scattergood, Ben"]
[Result "1-0"]
[WhiteElo "1937"]
[BlackElo "1884"]
[PlyCount "87"]
[EventDate "2016.11.26"]
[WhiteTeam "Cheddleton 2"]
[BlackTeam "Holmes Chapel"]

1. e4 e6 2. d4 d5 3. Nd2 c5 4. exd5 exd5 5. Bb5+ Bd7 6. Qe2+ Qe7 7. Bxd7+ Nxd7
8. dxc5 Rc8 9. Ngf3 Nxc5 10. Qxe7+ Nxe7 11. O-O Nc6 12. Nb3 Nxb3 13. axb3 f6
14. Be3 a6 15. c3 Ne5 16. Nxe5 fxe5 17. Rfd1 Rd8 18. Ra5 Be7 19. Raxd5 O-O 20.
Kf1 Bf6 21. Ke2 Rxd5 22. Rxd5 Rd8 23. Rxd8+ Bxd8 24. Kd3 Kf7 25. Ke4 Ke6 26. b4
b6 27. Kd3 b5 28. c4 Be7 29. Bd2 Kf5 30. f3 h5 31. b3 g5 32. h3 h4 33. c5 Bf8
34. Be3 Be7 35. c6 Bd8 36. Bc5 Bc7 37. Ke3 Kf6 38. Ke4 Ke6 39. Be3 Kf6 40. Kd5
Kf5 41. Bc5 Kf4 42. Bd6 Bb6 43. Bxe5+ Ke3 44. Bd4+ 1-0

[Event "4NCL Division 3 North"]
[Site "Wakefield, ENG"]
[Date "2016.11.26"]
[Round "1.56"]
[White "Roberts, Malcolm A"]
[Black "Armstrong, William G"]
[Result "1/2-1/2"]
[WhiteElo "1672"]
[BlackElo "1830"]
[PlyCount "108"]
[EventDate "2016.11.26"]
[WhiteTeam "Holmes Chapel"]
[BlackTeam "Cheddleton 2"]

1. e4 c5 2. Nf3 d6 3. Nc3 g6 4. h3 Bg7 5. Bc4 Nc6 6. d3 e6 7. a4 Nge7 8. O-O
O-O 9. Bg5 a6 10. Qd2 Nd4 11. Nxd4 cxd4 12. Ne2 e5 13. Ng3 Be6 14. Bxe6 fxe6
15. h4 Bf6 16. h5 Rc8 17. hxg6 Nxg6 18. Bh6 Rf7 19. Rac1 Nf4 20. Bxf4 exf4 21.
Qxf4 Bg5 22. Qg4 h5 23. Nxh5 Rc5 24. f4 Kh8 25. fxg5 Rxg5 26. Qe2 Rh7 27. Nf6
Rh6 28. Ng4 Rhg6 29. Rf2 Rxg4 30. Rcf1 Qg5 31. Rf8+ Kh7 32. R8f7+ Rg7 33. Rxg7+
Kxg7 34. Qf2 Qe3 35. Qxe3 dxe3 36. Re1 d5 37. Rxe3 Kf6 38. Kf2 Ke5 39. exd5+
Kxd5 40. c4+ Kd6 41. Kf3 Rd4 42. b4 b5 43. axb5 axb5 44. cxb5 Rxb4 45. g4 Rxb5
46. Re4 Rb8 47. Kf4 e5+ 48. Kg5 Rd8 49. Re3 Kd5 50. Kf5 Rf8+ 51. Kg5 Rd8 52.
Rf3 e4 53. dxe4+ Kxe4 54. Rf5 Rg8+ 1/2-1/2

[Event "4NCL Division 3 North"]
[Site "Wakefield, ENG"]
[Date "2016.11.26"]
[Round "1.61"]
[White "Collins, Richard A"]
[Black "Clarke, Stuart W"]
[Result "0-1"]
[WhiteElo "1930"]
[BlackElo "2246"]
[PlyCount "90"]
[EventDate "2016.11.26"]
[WhiteTeam "Manchester Manticores 4"]
[BlackTeam "3Cs 2"]

1. c4 e6 2. g3 Nf6 3. Bg2 d5 4. Nf3 Be7 5. O-O O-O 6. d3 c5 7. b3 Nc6 8. Bb2 d4
9. Nbd2 e5 10. h3 h6 11. Nh2 Qc7 12. Ne4 Nxe4 13. dxe4 f5 14. exf5 Bxf5 15. e4
dxe3 16. fxe3 Bg5 17. Qd5+ Kh8 18. Qxc5 Be7 19. Qb5 a6 20. Qa4 Qb6 21. Kh1 Qxe3
22. Nf3 Qe2 23. Ba3 b5 24. cxb5 axb5 25. Qxa8 Rxa8 26. Ng1 Qxg2+ 27. Kxg2 Be4+
28. Kh2 Rxa3 29. Rfe1 Bd3 30. h4 e4 31. Rac1 Rxa2+ 32. Kh3 Bb4 33. Red1 Ne7 34.
Nf3 Rc2 35. Ra1 Bc3 36. Ra8+ Kh7 37. Ng1 Nf5 38. Rd8 b4 39. g4 Ne3 40. R1xd3
exd3 41. Rxd3 Nf1 42. Nf3 Re2 43. Rd7 Nd2 44. Nd4 Re3+ 45. Kg2 Rd3 0-1

[Event "4NCL Division 3 North"]
[Site "Wakefield, ENG"]
[Date "2016.11.26"]
[Round "1.62"]
[White "Rita, Joao"]
[Black "Raghavendra, Mahima"]
[Result "1/2-1/2"]
[WhiteElo "1944"]
[BlackElo "1772"]
[PlyCount "123"]
[EventDate "2016.11.26"]
[WhiteTeam "3Cs 2"]
[BlackTeam "Manchester Manticores 4"]

1. e4 e6 2. d3 d5 3. Nd2 c5 4. Ngf3 Nc6 5. g3 Nf6 6. Bg2 Be7 7. O-O O-O 8. Re1
b6 9. e5 Nd7 10. Nf1 Bb7 11. h4 Re8 12. Bf4 f6 13. Bh3 Nf8 14. N1h2 Bc8 15. c3
d4 16. Qa4 Bd7 17. Qb3 a5 18. a4 Bc8 19. Bg2 Bb7 20. exf6 Bxf6 21. Ng4 Kh8 22.
Nfe5 Nxe5 23. Nxe5 Re7 24. Bxb7 Rxb7 25. c4 Bxe5 26. Rxe5 Ng6 27. Bg5 Qd6 28.
Re4 h6 29. h5 Nf8 30. Bf4 Qd7 31. Rae1 Re8 32. Qd1 Ra7 33. b3 Qc6 34. Qg4 Rae7
35. Be5 Nd7 36. f4 Nxe5 37. Rxe5 Qd7 38. Qh4 Rf7 39. Qg4 Rfe7 40. Qe2 Kg8 41.
f5 Kf7 42. fxe6+ Rxe6 43. Qg4 Qd6 44. Qf3+ Kg8 45. Rxe6 Rxe6 46. Rxe6 Qxe6 47.
Qd5 Kf7 48. Kf2 Kf6 49. Qxe6+ Kxe6 50. Kf3 Kf5 51. g4+ Kg5 52. Kg3 g6 53. hxg6
Kxg6 54. Kh4 Kf7 55. Kh5 Kg7 56. g5 hxg5 57. Kxg5 Kf7 58. Kf5 Ke7 59. Ke5 Kd7
60. Kd5 Kc7 61. Ke5 Kd7 62. Kd5 1/2-1/2

[Event "4NCL Division 3 North"]
[Site "Wakefield, ENG"]
[Date "2016.11.26"]
[Round "1.63"]
[White "Lonsdale, Jon I"]
[Black "Burke, Mitchell R"]
[Result "1/2-1/2"]
[WhiteElo "1840"]
[BlackElo "2020"]
[PlyCount "41"]
[EventDate "2016.11.26"]
[WhiteTeam "Manchester Manticores 4"]
[BlackTeam "3Cs 2"]

1. d4 Nf6 2. c4 g6 3. Nc3 Bg7 4. e4 d6 5. f3 O-O 6. Be3 e5 7. Nge2 c6 8. Qd2
Qc7 9. Rd1 a6 10. dxe5 dxe5 11. Na4 Nbd7 12. c5 Re8 13. Nec3 Nh5 14. Bc4 Nf4
15. O-O Bf8 16. g3 Ne6 17. Bxe6 Rxe6 18. Nb6 Nxb6 19. cxb6 Qe7 20. Qd8 Kg7 21.
Rd2 1/2-1/2

[Event "4NCL Division 3 North"]
[Site "Wakefield, ENG"]
[Date "2016.11.26"]
[Round "1.64"]
[White "Adams, Philip"]
[Black "Gawne, Martin"]
[Result "1-0"]
[WhiteElo "1990"]
[BlackElo "1847"]
[PlyCount "63"]
[EventDate "2016.11.26"]
[WhiteTeam "3Cs 2"]
[BlackTeam "Manchester Manticores 4"]

1. e4 g6 2. d4 Bg7 3. Nf3 d6 4. c3 Nf6 5. Bd3 O-O 6. O-O Nc6 7. h3 e5 8. Re1 h6
9. Nbd2 Nd7 10. Nb3 a5 11. a4 exd4 12. Nbxd4 Nde5 13. Nxc6 Nxc6 14. Be3 Qe7 15.
Qb3 Bd7 16. Rad1 Kh7 17. Bc4 b6 18. Bd5 Rae8 19. Qc4 Ne5 20. Nxe5 Bxe5 21. Qxc7
Bxa4 22. Qxe7 Rxe7 23. Ra1 Bc2 24. Re2 Bd3 25. Rd2 Bb5 26. f4 Bg7 27. Bxb6 a4
28. Ba5 Ra7 29. Bb4 Rd8 30. Ba2 Rad7 31. Rad1 Bf8 32. e5 1-0

[Event "4NCL Division 3 North"]
[Site "Wakefield, ENG"]
[Date "2016.11.26"]
[Round "1.65"]
[White "Grindrod, John"]
[Black "McLean, Robert"]
[Result "1-0"]
[WhiteElo "1847"]
[BlackElo "1967"]
[Annotator "Barnes,Lara"]
[PlyCount "65"]
[EventDate "2016.11.26"]
[WhiteTeam "Manchester Manticores 4"]
[BlackTeam "3Cs 2"]

1. c4 e6 2. Nc3 Nf6 3. g3 d5 4. cxd5 exd5 5. Bg2 Be7 6. d4 O-O 7. Nf3 Nbd7 8.
O-O Re8 9. Re1 Bf8 10. Bd2 c6 11. e3 Ne4 12. Bc1 Ndf6 13. Nd2 Bf5 14. Ndxe4
dxe4 15. Bd2 Qd7 16. Rc1 Bg4 17. Ne2 Bf3 18. Bxf3 exf3 19. Nf4 g5 20. Nd3 Qf5
21. Ne5 g4 22. h3 Rxe5 23. dxe5 Ne4 24. Rf1 Rd8 25. Rc4 Rxd2 26. Qb1 Nxg3 27.
Rxg4+ Kh8 28. Rxg3 Qxe5 29. Kh1 Rxb2 30. Rfg1 Bg7 31. Qd1 Qe8 32. Rxg7 Rxf2 33.
Qd4 1-0

[Event "4NCL Division 3 North"]
[Site "Wakefield, ENG"]
[Date "2016.11.26"]
[Round "1.66"]
[White "Gittens, Nathan L"]
[Black "Pollard, Matthew B"]
[Result "1/2-1/2"]
[WhiteElo "1869"]
[BlackElo "1727"]
[PlyCount "57"]
[EventDate "2016.11.26"]
[WhiteTeam "3Cs 2"]
[BlackTeam "Manchester Manticores 4"]

1. d4 Nf6 2. c4 c5 3. d5 b5 4. cxb5 a6 5. bxa6 g6 6. Nc3 Bxa6 7. Nf3 d6 8. g3
Bg7 9. Bg2 O-O 10. O-O Nbd7 11. Qc2 Qb6 12. h3 Rfb8 13. Rb1 Bc4 14. Nd2 Qa6 15.
Nxc4 Qxc4 16. b3 Qa6 17. Rd1 Ne8 18. a4 Bxc3 19. Qxc3 Qxe2 20. Re1 Qh5 21. Rxe7
Qf5 22. Re4 Ndf6 23. Bb2 Rxb3 24. Qxb3 Nxe4 25. Bxe4 Qxe4 26. Bc3 Qxa4 27. Qb7
Ra7 28. Qb8 Ra8 29. Qb7 1/2-1/2

[Event "4NCL Division 3 North"]
[Site "Wakefield, ENG"]
[Date "2016.11.26"]
[Round "1.71"]
[White "Polaczek, Richard"]
[Black "Carpenter, Martin"]
[Result "1-0"]
[WhiteElo "2413"]
[BlackElo "2099"]
[Annotator "Barnes,Lara"]
[PlyCount "59"]
[EventDate "2016.11.26"]
[WhiteTeam "Manchester Manticores 1"]
[BlackTeam "Jorvik"]

1. d4 e6 2. Nf3 c5 3. g3 Nf6 4. Bg2 Be7 5. O-O O-O 6. dxc5 Bxc5 7. c4 d5 8.
cxd5 Qxd5 9. Qc2 Qf5 10. e4 Nxe4 11. g4 Qd5 12. Ng5 f5 13. Nc3 Qe5 14. Ncxe4
fxe4 15. Bxe4 h6 16. Nf3 Qd6 17. g5 e5 18. Rd1 Qb6 19. b4 Bd4 20. Nxd4 exd4 21.
Qc4+ Be6 22. Qxd4 Qxd4 23. Rxd4 Nc6 24. Rd6 Rae8 25. gxh6 Nxb4 26. Ba3 Bh3 27.
f3 a5 28. hxg7 Kxg7 29. Bb2+ Kg8 30. Rh6 1-0

[Event "4NCL Division 3 North"]
[Site "Wakefield, ENG"]
[Date "2016.11.26"]
[Round "1.72"]
[White "White, Mark W"]
[Black "Jaunooby, Ali R"]
[Result "0-1"]
[WhiteElo "2029"]
[BlackElo "2207"]
[PlyCount "86"]
[EventDate "2016.11.26"]
[WhiteTeam "Jorvik"]
[BlackTeam "Manchester Manticores 1"]

1. d4 c5 2. e4 cxd4 3. c3 dxc3 4. Nxc3 d6 5. Bc4 e6 6. Nf3 Nc6 7. O-O Nf6 8.
Qe2 a6 9. Rd1 Qc7 10. a4 Be7 11. Bf4 Ne5 12. Nxe5 dxe5 13. Be3 O-O 14. Rac1 Bd7
15. Bb3 Qa5 16. g4 Bc6 17. f3 Rfd8 18. Kg2 Rxd1 19. Rxd1 Rd8 20. Rxd8+ Bxd8 21.
Qd3 Bb6 22. Bc2 Nd7 23. Bxb6 Qxb6 24. b3 Qd4 25. Ne2 Qb2 26. Qc4 g5 27. Qc3 Qa2
28. h4 gxh4 29. Kh3 Qa3 30. b4 Qa2 31. Kxh4 Bxa4 32. Bxa4 Qxa4 33. Qc8+ Nf8 34.
Ng3 Qxb4 35. Nh5 Qe7+ 36. g5 h6 37. Nf6+ Kg7 38. f4 exf4 39. gxh6+ Kxf6 40. Kh5
Qd6 41. Kg4 Ng6 42. h7 Qd1+ 43. Kh3 Qh1+ 0-1

[Event "4NCL Division 3 North"]
[Site "Wakefield, ENG"]
[Date "2016.11.26"]
[Round "1.73"]
[White "Kay, Lee P"]
[Black "Hodge, Steve R"]
[Result "1/2-1/2"]
[WhiteElo "2117"]
[BlackElo "1967"]
[PlyCount "89"]
[EventDate "2016.11.26"]
[WhiteTeam "Manchester Manticores 1"]
[BlackTeam "Jorvik"]

1. d4 f5 2. c4 Nf6 3. Nc3 g6 4. f3 d6 5. e4 fxe4 6. fxe4 Nc6 7. Nf3 Bg4 8. Be3
e5 9. d5 Ne7 10. Be2 Bg7 11. Qd2 O-O 12. O-O Kh8 13. b4 Bd7 14. h3 Nc8 15. c5
a6 16. a4 Qe7 17. Kh2 Nh5 18. g3 Nf6 19. a5 Qe8 20. Bh6 Na7 21. cxd6 cxd6 22.
Bxg7+ Kxg7 23. Qe3 h6 24. Qb6 Nb5 25. Nxb5 Bxb5 26. Bxb5 Qxb5 27. Qxb5 axb5 28.
Nd2 Rac8 29. Rac1 Kf7 30. Kg2 Ke7 31. g4 g5 32. Kg3 Rxc1 33. Rxc1 Kd7 34. Rc3
Rc8 35. Rxc8 Kxc8 36. Kf3 Kd7 37. Nb1 Ne8 38. Nc3 Nc7 39. Ke3 Ke7 40. Kd3 Kf6
41. Ne2 Ne8 42. Ng3 Ng7 43. Ke3 Kg6 44. Ne2 Ne8 45. Ng3 1/2-1/2

[Event "4NCL Division 3 North"]
[Site "Wakefield, ENG"]
[Date "2016.11.26"]
[Round "1.74"]
[White "Cowan, Richard M"]
[Black "Jayawarna, Nugith"]
[Result "0-1"]
[WhiteElo "1888"]
[BlackElo "2125"]
[PlyCount "140"]
[EventDate "2016.11.26"]
[WhiteTeam "Jorvik"]
[BlackTeam "Manchester Manticores 1"]

1. Nf3 c5 2. c4 Nc6 3. g3 g6 4. Bg2 Bg7 5. O-O e5 6. e4 Nge7 7. d3 d6 8. Nc3
O-O 9. a3 h6 10. Rb1 a5 11. Bd2 f5 12. Qc1 Kh7 13. Rd1 fxe4 14. Nh4 Bg4 15.
Bxe4 Bxd1 16. Qxd1 Qd7 17. Qh5 Qe6 18. Nd5 Qf7 19. Rf1 Nf5 20. Nxg6 Qxg6 21.
Qxg6+ Kxg6 22. g4 Kf7 23. Bxf5 Ne7 24. Be4 Nxd5 25. Bxd5+ Ke7 26. b3 a4 27. b4
cxb4 28. Bxb4 Rf4 29. f3 Rb8 30. Be4 Kd7 31. Kg2 b5 32. Rc1 h5 33. h3 Bh6 34.
Rc2 hxg4 35. hxg4 bxc4 36. dxc4 Rg8 37. Bd5 Rc8 38. Kg3 Rd4 39. Re2 Bf4+ 40.
Kg2 Rh8 41. Re1 Rh2+ 42. Kg1 Rd3 43. Be4 Rb3 44. Rd1 Rh6 45. Rb1 Rh2 46. Rd1
Rh6 47. Rb1 Rxb1+ 48. Bxb1 Rh2 49. Bf5+ Ke7 50. c5 dxc5 51. Bxc5+ Ke8 52. Bf2
Rh6 53. Bd3 Rd6 54. Bb5+ Kd8 55. Bh4+ Kc7 56. Be7 Rd4 57. g5 Kb6 58. Be8 e4 59.
g6 exf3 60. Kf2 Bh6 61. Bf6 Rg4 62. Bc3 Re4 63. Bd7 Re2+ 64. Kf1 Be3 65. Bg4
Rg2 66. Bxf3 Rf2+ 67. Ke1 Rxf3 68. Ke2 Rg3 69. Be5 Rg5 70. g7 Bc5 0-1

[Event "4NCL Division 3 North"]
[Site "Wakefield, ENG"]
[Date "2016.11.26"]
[Round "1.75"]
[White "Mulleady, Peter J"]
[Black "Anderson, Paul W"]
[Result "1-0"]
[WhiteElo "2095"]
[BlackElo "1756"]
[PlyCount "55"]
[EventDate "2016.11.26"]
[WhiteTeam "Manchester Manticores 1"]
[BlackTeam "Jorvik"]

1. c4 Nf6 2. Nc3 e6 3. g3 Nc6 4. Bg2 g6 5. e4 d6 6. Nge2 Bg7 7. O-O O-O 8. d4
e5 9. d5 Ne7 10. a3 Nd7 11. Be3 f5 12. f3 b6 13. b4 f4 14. Bf2 Ba6 15. Qb3 g5
16. c5 g4 17. c6 gxf3 18. Bxf3 fxg3 19. Bxg3 Nf6 20. a4 Ng6 21. a5 Bxe2 22.
Bxe2 Qe7 23. Ra2 Bh6 24. Kh1 Kh8 25. Qd1 Ng8 26. axb6 axb6 27. Rxf8 Rxa2 28.
Rxg8+ 1-0

[Event "4NCL Division 3 North"]
[Site "Wakefield, ENG"]
[Date "2016.11.26"]
[Round "1.76"]
[White "Andrews, Norman G"]
[Black "Hamer, Martyn"]
[Result "1/2-1/2"]
[WhiteElo "1561"]
[BlackElo "2080"]
[PlyCount "98"]
[EventDate "2016.11.26"]
[WhiteTeam "Jorvik"]
[BlackTeam "Manchester Manticores 1"]

1. d4 Nf6 2. c4 g6 3. Nc3 Bg7 4. e4 d6 5. Nf3 O-O 6. Be2 e5 7. dxe5 dxe5 8.
Qxd8 Rxd8 9. Bg5 Re8 10. h3 c6 11. O-O Na6 12. Rad1 Nc5 13. Bxf6 Bxf6 14. Rd2
Ne6 15. Rfd1 Nd4 16. b3 b6 17. Rd3 Bb7 18. Bf1 Rad8 19. Nh2 Rd7 20. Kh1 Red8
21. Ng4 Bg7 22. R3d2 f6 23. Ne2 Kf7 24. Nc3 f5 25. Nh2 Bf8 26. Nf3 Ke6 27.
exf5+ gxf5 28. Nxd4+ exd4 29. Ne2 c5 30. Nf4+ Kf7 31. Nd3 Re8 32. Re2 Rde7 33.
Rxe7+ Rxe7 34. Kg1 Kf6 35. f4 Re3 36. Kf2 Bd6 37. Re1 Rxe1 38. Kxe1 Bc6 39. g3
a6 40. Kf2 b5 41. Bg2 Be4 42. Nc1 Bc7 43. Bf1 Bc6 44. Nd3 Bd6 45. Nc1 bxc4 46.
bxc4 a5 47. a3 Ke6 48. Bd3 Be4 49. Bf1 Bc6 1/2-1/2

[Event "4NCL Division 3 North"]
[Site "Wakefield, ENG"]
[Date "2016.11.26"]
[Round "1.81"]
[White "Combie, Alex B"]
[Black "Ackley, Peter J E"]
[Result "0-1"]
[WhiteElo "1985"]
[BlackElo "1971"]
[PlyCount "108"]
[EventDate "2016.11.26"]
[WhiteTeam "Ashfield Breadsall 2"]
[BlackTeam "Spirit of Atticus B"]

1. d4 g6 2. c4 Bg7 3. e4 d6 4. Nc3 e5 5. d5 a5 6. g4 Na6 7. h4 Nf6 8. f3 h5 9.
g5 Nd7 10. Bh3 O-O 11. Nge2 Ndc5 12. Bxc8 Qxc8 13. a3 Qd7 14. b3 b6 15. Rb1 f5
16. gxf6 Rxf6 17. b4 Nb7 18. Ng1 Raf8 19. Bg5 R6f7 20. Qd2 Bf6 21. Rh3 Qe7 22.
Rg3 Bxg5 23. Qxg5 Qxg5 24. Rxg5 Kh7 25. Rb2 Rf4 26. b5 Nac5 27. Rh2 a4 28. Nb1
Nxe4 29. Rgg2 Na5 30. Rc2 Nc5 31. Nd2 Nab3 32. Nh3 Nxd2 33. Kxd2 Rd4+ 34. Ke2
Kg7 35. Ng5 Rff4 36. Ne6+ Nxe6 37. dxe6 Rf6 38. Ke3 Rxe6 39. Rb2 Rf6 40. Rb4
Rff4 41. Rc2 Rxh4 42. Rxa4 Rhf4 43. Ra7 Rf7 44. a4 Rdf4 45. a5 Rxf3+ 46. Ke4
bxa5 47. Kd5 R3f5 48. Kc6 e4 49. c5 Rxc5+ 50. Rxc5 dxc5 51. Rxa5 e3 52. Ra1 e2
53. Re1 Re7 54. Kxc5 g5 0-1

[Event "4NCL Division 3 North"]
[Site "Wakefield, ENG"]
[Date "2016.11.26"]
[Round "1.82"]
[White "Connor, Stephen J"]
[Black "Levens, David G"]
[Result "0-1"]
[WhiteElo "2013"]
[BlackElo "1954"]
[PlyCount "82"]
[EventDate "2016.11.26"]
[WhiteTeam "Spirit of Atticus B"]
[BlackTeam "Ashfield Breadsall 2"]

1. e4 c5 2. Nf3 d6 3. d4 cxd4 4. Nxd4 Nf6 5. Nc3 g6 6. Be3 a6 7. Be2 Bg7 8. O-O
Nc6 9. Nb3 O-O 10. f4 b5 11. Bf3 Bb7 12. a3 Rc8 13. Nd5 Nd7 14. c3 a5 15. Bf2
e6 16. Ne3 Nb6 17. Nd4 Nxd4 18. cxd4 Na4 19. b3 Nc3 20. Qd3 f5 21. exf5 Bxf3
22. gxf3 exf5 23. Kh1 Qb6 24. Ng2 Nd5 25. Rac1 b4 26. axb4 Nxb4 27. Qd2 d5 28.
Rc5 Rxc5 29. dxc5 Qb5 30. Rd1 d4 31. Bh4 Qc6 32. Be7 Re8 33. Bd6 Qxf3 34. Re1
Qc6 35. Rxe8+ Qxe8 36. Kg1 Qe4 37. Qc1 h6 38. Qc4+ Kh8 39. Qf7 d3 40. Bf8 $2 {
classic time control blunder} (40. Be5 $1 Bxe5 41. Qe8+ Kh7 42. fxe5 $11) 40...
Bd4+ 41. Kh1 d2 0-1

[Event "4NCL Division 3 North"]
[Site "Wakefield, ENG"]
[Date "2016.11.26"]
[Round "1.83"]
[White "Naylor, Michael A"]
[Black "Buckley, Colm"]
[Result "0-1"]
[WhiteElo "1930"]
[BlackElo "1923"]
[PlyCount "64"]
[EventDate "2016.11.26"]
[WhiteTeam "Ashfield Breadsall 2"]
[BlackTeam "Spirit of Atticus B"]

1. e4 e6 2. d4 d5 3. Nc3 Nf6 4. e5 Nfd7 5. f4 c5 6. Nf3 Nc6 7. Be3 a6 8. a4 Qb6
9. Rb1 cxd4 10. Nxd4 Bc5 11. Nce2 g5 12. g3 gxf4 13. gxf4 Nxd4 14. Bxd4 Bxd4
15. Qxd4 Nc5 16. a5 Qc6 17. Rg1 Bd7 18. f5 Ne4 19. c3 O-O-O 20. f6 Rhg8 21. Nf4
Rxg1 22. Qxg1 Qc7 23. Qd4 Qxa5 24. Bd3 Bc6 25. Qb4 Qc7 26. Qd4 Rg8 27. Be2 Rg5
28. Nd3 Bb5 29. c4 dxc4 30. Qxe4 cxd3 31. Qf4 Rxe5 32. Rc1 Rxe2+ 0-1

[Event "4NCL Division 3 North"]
[Site "Wakefield, ENG"]
[Date "2016.11.26"]
[Round "1.84"]
[White "Cooper, John G"]
[Black "Burke, Steven J"]
[Result "1/2-1/2"]
[WhiteElo "1958"]
[BlackElo "1898"]
[PlyCount "42"]
[EventDate "2016.11.26"]
[WhiteTeam "Spirit of Atticus B"]
[BlackTeam "Ashfield Breadsall 2"]

1. e4 d6 2. d4 Nf6 3. Nc3 Nbd7 4. Nge2 e5 5. g3 c6 6. a4 a5 7. Bg2 Be7 8. h3 h6
9. f4 Qc7 10. Be3 Rg8 11. Qd2 exf4 12. gxf4 Nb6 13. b3 d5 14. e5 Nh7 15. O-O g6
16. Kh2 h5 17. Bf3 Nf8 18. Rg1 Qd7 19. Bg2 Ne6 20. Raf1 Ng7 21. Rf3 Nf5 1/2-1/2

[Event "4NCL Division 3 North"]
[Site "Wakefield, ENG"]
[Date "2016.11.26"]
[Round "1.85"]
[White "Flynn, David"]
[Black "Mort, Andrew J"]
[Result "1/2-1/2"]
[WhiteElo "1862"]
[BlackElo "1895"]
[PlyCount "66"]
[EventDate "2016.11.26"]
[WhiteTeam "Ashfield Breadsall 2"]
[BlackTeam "Spirit of Atticus B"]

1. e4 c5 2. c3 d5 3. exd5 Qxd5 4. d4 cxd4 5. cxd4 Nf6 6. Nf3 e6 7. Nc3 Qd8 8.
Bc4 Be7 9. O-O O-O 10. d5 exd5 11. Nxd5 Nxd5 12. Qxd5 Qxd5 13. Bxd5 Nc6 14. Bg5
Bxg5 15. Nxg5 Nd8 16. Rfe1 g6 17. Rac1 Nc6 18. Bxc6 bxc6 19. Rxc6 h6 20. Ne4
Be6 21. b3 a5 22. Nc5 Rfc8 23. Rxc8+ Rxc8 24. Nxe6 fxe6 25. g3 Rc2 26. a4 Kf7
27. Kg2 Rb2 28. Re3 Kf6 29. Kf3 h5 30. h4 Kf5 31. Rc3 Ke5 32. Ke3 Kd5 33. Kf3
e5 1/2-1/2

[Event "4NCL Division 3 North"]
[Site "Wakefield, ENG"]
[Date "2016.11.26"]
[Round "1.86"]
[White "Emerton, Keith"]
[Black "Taylor, Robert P"]
[Result "0-1"]
[WhiteElo "1802"]
[BlackElo "1876"]
[PlyCount "80"]
[EventDate "2016.11.26"]
[WhiteTeam "Spirit of Atticus B"]
[BlackTeam "Ashfield Breadsall 2"]

1. Nf3 Nc6 2. g3 e5 3. d3 d5 4. Bg2 Nf6 5. O-O Bd6 6. Nbd2 Be6 7. Re1 O-O 8. e4
d4 9. h3 h6 10. c3 dxc3 11. bxc3 Bc5 12. Nb3 Bb6 13. Ba3 Re8 14. Qc2 Nh5 15.
Kh2 g5 16. Bc5 Bxb3 17. Qxb3 Bxc5 18. Qxb7 Qf6 19. Re2 Rad8 20. Qb5 Bb6 21. a4
a5 22. Rd1 Re6 23. c4 Nd4 24. Nxd4 Bxd4 25. Qxa5 Bxf2 26. Rf1 Bxg3+ 27. Kg1 Bf4
28. Rd1 Ng3 29. Ree1 Red6 30. Qc3 Rd4 31. a5 Qa6 32. Bf3 h5 33. Kg2 g4 34. hxg4
hxg4 35. Be2 Qh6 36. Bxg4 Qg5 37. Kf3 f5 38. exf5 Nxf5 39. Rg1 Bg3 40. Qc1
Qxg4+ 0-1

[Event "4NCL Division 3 North"]
[Site "Wakefield, ENG"]
[Date "2016.11.26"]
[Round "1.91"]
[White "Cyborowski, Lukasz"]
[Black "Gardiner, Eric D"]
[Result "1-0"]
[WhiteElo "2524"]
[BlackElo "1939"]
[PlyCount "81"]
[EventDate "2016.11.26"]
[WhiteTeam "Manx Liberty"]
[BlackTeam "Bradford DCA Knights B"]

1. c4 e5 2. Nc3 Nc6 3. Nf3 Nf6 4. d4 exd4 5. Nxd4 Nxd4 6. Qxd4 Be7 7. g3 O-O 8.
Bg2 d6 9. O-O c6 10. Bf4 Qb6 11. Qxb6 axb6 12. Rfd1 Be6 13. b3 Rfd8 14. Rd2 d5
15. cxd5 cxd5 16. Be5 d4 17. Bxd4 Bxb3 18. Bxb7 Rab8 19. axb3 Rxb7 20. Bxf6
gxf6 21. Rxd8+ Bxd8 22. Rd1 Be7 23. Rd5 Kg7 24. Rb5 Kg6 25. Kg2 Bd8 26. h4 Rd7
27. g4 Rd4 28. Kf3 Rd7 29. e3 Rd6 30. h5+ Kg7 31. Rd5 Rc6 32. Nb5 Rc5 33. Rxc5
bxc5 34. Ke4 Ba5 35. Kf5 Be1 36. f3 Bd2 37. e4 h6 38. Nc7 Bc3 39. Ne8+ Kf8 40.
Nxf6 Bxf6 41. Kxf6 1-0

[Event "4NCL Division 3 North"]
[Site "Wakefield, ENG"]
[Date "2016.11.26"]
[Round "1.92"]
[White "Slinger, Tony J"]
[Black "Galyas, Miklos"]
[Result "0-1"]
[WhiteElo "1913"]
[BlackElo "2467"]
[PlyCount "76"]
[EventDate "2016.11.26"]
[WhiteTeam "Bradford DCA Knights B"]
[BlackTeam "Manx Liberty"]

1. e4 d6 2. d4 Nf6 3. Nc3 g6 4. Nge2 Bg7 5. g3 O-O 6. Bg2 e5 7. O-O Nc6 8. d5
Ne7 9. h3 Ne8 10. Be3 f5 11. Qd2 Nf6 12. Rad1 fxe4 13. Bg5 Bd7 14. Kh2 Qe8 15.
Bxf6 Bxf6 16. Nxe4 Bg7 17. c4 Nf5 18. N2c3 Qe7 19. c5 dxc5 20. d6 cxd6 21. Nxc5
Bc6 22. Nd5 Qf7 23. Ne4 Rad8 24. Qb4 Kh8 25. Nec3 Qd7 26. a4 Nd4 27. Qa3 Rde8
28. b4 a6 29. Rb1 e4 30. b5 axb5 31. Nb6 Qd8 32. axb5 Qxb6 33. bxc6 Qxc6 34.
Nd1 Nf3+ 35. Bxf3 Rxf3 36. Qb4 Ref8 37. Qxb7 Qxb7 38. Rxb7 e3 0-1

[Event "4NCL Division 3 North"]
[Site "Wakefield, ENG"]
[Date "2016.11.26"]
[Round "1.93"]
[White "Kolbus, Dietmar"]
[Black "Bramson, Mike"]
[Result "1-0"]
[WhiteElo "2298"]
[BlackElo "1892"]
[PlyCount "81"]
[EventDate "2016.11.26"]
[WhiteTeam "Manx Liberty"]
[BlackTeam "Bradford DCA Knights B"]

1. c4 e5 2. g3 Nc6 3. Bg2 Nf6 4. Nf3 Bc5 5. O-O d6 6. Nc3 O-O 7. Na4 Bb6 8. d3
h6 9. b3 Re8 10. Bb2 Bg4 11. h3 Bf5 12. e4 Be6 13. Nxb6 axb6 14. Kh2 Ne7 15. d4
exd4 16. Nxd4 Bd7 17. Re1 Nc6 18. Nc2 Ra5 19. Bc3 Rc5 20. a4 Qc8 21. Bxf6 gxf6
22. Ne3 Kg7 23. Nd5 Qd8 24. Rc1 Ra5 25. Rc3 Ne5 26. f4 Ng6 27. Rd3 Bc6 28. Nc3
Qd7 29. Rde3 f5 30. Qd4+ f6 31. exf5 Rxe3 32. Rxe3 Bxg2 33. Kxg2 Rxf5 34. Nd5
h5 35. Qe4 c6 36. Nxb6 Qc7 37. Qxf5 Qxb6 38. Rd3 Qb4 39. Qxh5 d5 40. cxd5 Qc5
41. Qd1 1-0

[Event "4NCL Division 3 North"]
[Site "Wakefield, ENG"]
[Date "2016.11.26"]
[Round "1.94"]
[White "Barker, Arron"]
[Black "Ormsby, Alan"]
[Result "1/2-1/2"]
[WhiteElo "1885"]
[BlackElo "1790"]
[PlyCount "114"]
[EventDate "2016.11.26"]
[WhiteTeam "Bradford DCA Knights B"]
[BlackTeam "Manx Liberty"]

1. g4 d5 2. Bg2 Bxg4 3. c4 c6 4. cxd5 cxd5 5. Qb3 Nf6 6. Nc3 e6 7. Qxb7 Nbd7 8.
d4 Be7 9. Qa6 O-O 10. Nh3 Qc8 11. Qxc8 Rfxc8 12. Nf4 Rab8 13. Nd3 Bf5 14. O-O
Bxd3 15. exd3 Bd6 16. Re1 Nh5 17. Bf3 Nf4 18. Bxf4 Bxf4 19. Rab1 g6 20. Ne2 Bd2
21. Red1 Rc2 22. b3 Rxa2 23. Ra1 Rxa1 24. Rxa1 Rxb3 25. Rxa7 Nf6 26. Kg2 Rxd3
27. h4 h5 28. Ra2 Bh6 29. Ra4 Kg7 30. Ng3 Ne8 31. Be2 Rd2 32. Kf3 Nd6 33. Nf1
Rb2 34. Ng3 Ne4 35. Ra3 Rd2 36. Ra4 Nc3 37. Ra3 Nxe2 38. Nxe2 g5 39. hxg5 Bxg5
40. Ra8 Rd3+ 41. Kg2 h4 42. Ra1 Kf6 43. Rh1 h3+ 44. Rxh3 Rxh3 45. Kxh3 e5 46.
Kg4 exd4 47. Nxd4 Bc1 48. Nb3 Bb2 49. Kf3 Kf5 50. Nc5 Ba3 51. Nd3 d4 52. Nf4
Bd6 53. Nd3 f6 54. Ne1 Ke5 55. Ke2 Ke4 56. f3+ Kd5 57. Kd3 Be5 1/2-1/2